[Event "23e tournoi de Noël"]
[Site "Montigny le Bretonneux"]
[Date "2024.12.28"]
[Round "3.1"]
[White "Ben Khelifa, Noomene"]
[Black "Gauthier, Laurent"]
[Result "1-0"]
[WhiteElo "2049"]
[BlackElo "1831"]
[Annotator "Rivier,Sylvain"]
[PlyCount "165"]
[EventDate "2024.??.??"]
[WhiteTeam "Cavalier Bleu Drancy"]
[BlackTeam "Les Tours d'Angoulême"]

{Défense Nimzo-indienne, système Rubinstein} 1. d4 Nf6 2. c4 e6 3. Nc3 b6 4.
Nf3 Bb7 5. e3 Bb4 6. Bd2 O-O 7. Bd3 d5 8. cxd5 Nxd5 9. Rc1 Nd7 10. O-O Rc8 11.
Qe2 c5 12. a3 cxd4 13. axb4 dxc3 14. bxc3 a5 15. e4 N5f6 16. Rfd1 Qc7 17. Nd4
Qe5 18. f4 Qh5 19. Qxh5 Nxh5 20. e5 g6 21. Bb5 Nb8 22. g4 Ng7 23. bxa5 bxa5 24.
c4 h5 25. h3 Nc6 26. Nb3 hxg4 27. hxg4 Rfd8 28. Nxa5 Nxa5 29. Bxa5 Rxd1+ 30.
Rxd1 Bf3 31. Rd8+ Rxd8 32. Bxd8 Bxg4 33. c5 Bf3 34. Kf2 Bb7 35. Bd7 Nf5 36. c6
Bxc6 37. Bxc6 Kf8 38. Bb6 Kg7 39. Bc5 f6 40. Kf3 fxe5 41. fxe5 Nh6 42. Kf4 Nf7
43. Bd7 g5+ 44. Ke4 Nxe5 45. Kxe5 Kh6 46. Bxe6 Kg6 47. Bg4 Kh6 48. Kf5 Kg7 49.
Kxg5 Kf7 50. Bd7 Kg7 51. Be6 Kh8 52. Bd4+ Kh7 53. Kf6 Kh6 54. Bf7 Kh7 55. Be5
Kh6 56. Bf4+ Kh7 57. Bg6+ Kh8 58. Be5 Kg8 59. Kg5 Kf8 60. Bf6 Kg8 61. Kh6 Kf8
62. Bd8 Kg8 63. Be7 Kh8 64. Ba3 Kg8 65. Kg5 Kg7 66. Bb2+ Kf8 67. Kf6 Kg8 68.
Be5 Kf8 69. Bh7 Ke8 70. Ke6 Kf8 71. Bg6 Kg8 72. Ba1 Kf8 73. Be5 Kg8 74. Kf6 Kf8
75. Bd6+ Kg8 76. Bf7+ Kh7 77. Be5 Kh6 78. Bd6 Kh7 79. Bf4 Kh8 80. Bb3 Kh7 81.
Bc2+ Kg8 82. Bh6 Kh8 83. Kg6 1-0

[Event "23e tournoi de Noël"]
[Site "Montigny le Bretonneux"]
[Date "2024.12.28"]
[Round "3.2"]
[White "Kvashyna, Tetyana"]
[Black "Korte, Markus"]
[Result "0-1"]
[WhiteElo "1848"]
[BlackElo "1970"]
[Annotator "Rivier,Sylvain"]
[PlyCount "76"]
[EventDate "2024.??.??"]
[WhiteTeam "Arcueil Chessland"]
[BlackTeam "Ecole Française d'Echecs de Metz"]

{Partie du pion dame} 1. d4 Nf6 2. Nf3 e6 3. e3 Be7 4. Bd3 O-O 5. Nbd2 d5 6.
O-O c5 7. b3 cxd4 8. exd4 Nc6 9. a3 Bd6 10. Bb2 Qc7 11. Re1 Bf4 12. Ne5 g6 13.
Ndf3 Bh6 14. Nxc6 bxc6 15. Ne5 Nd7 16. c4 Nxe5 17. dxe5 Rd8 18. Qe2 Rb8 19. b4
dxc4 20. Bc2 Rd2 21. Qxc4 Qb6 22. Qh4 Rxc2 23. Bd4 Bg5 24. Qe4 Rc4 25. Bxb6
Rxe4 26. Rxe4 axb6 27. f4 Be7 28. Rc4 c5 29. b5 Bb7 30. Ra4 Bd5 31. Ra7 Kf8 32.
a4 c4 33. a5 bxa5 34. R7xa5 Bb4 35. R5a4 Rxb5 36. h3 c3 37. Rc1 Bc5+ 38. Kh2
Rb2 0-1

[Event "23e tournoi de Noël"]
[Site "Montigny le Bretonneux"]
[Date "2024.12.28"]
[Round "3.3"]
[White "Crouzet, Leo"]
[Black "Divies, Renaud"]
[Result "1-0"]
[WhiteElo "1829"]
[BlackElo "1922"]
[Annotator "Rivier,Sylvain"]
[PlyCount "81"]
[EventDate "2024.??.??"]
[WhiteTeam "GIF-CC2-Echecs"]
[BlackTeam "Club d'Echecs du Vesinet"]

{Défense sicilienne, variante Alapine} 1. e4 c5 2. Nf3 e6 3. c3 Nf6 4. e5 Nd5
5. d4 cxd4 6. cxd4 Nc6 7. Bc4 Nb6 8. Bd3 d6 9. O-O Nd5 10. Nc3 Nxc3 11. bxc3 d5
12. Ng5 g6 13. Qf3 Qe7 14. h4 Nd8 15. Bb5+ Bd7 16. Bxd7+ Kxd7 17. c4 h6 18.
cxd5 hxg5 19. Bxg5 Qa3 20. dxe6+ fxe6 21. Qe4 Be7 22. d5 Bxg5 23. dxe6+ Kc7 24.
hxg5 Nc6 25. Qxg6 Rag8 26. Qf7+ Qe7 27. Rad1 Qxf7 28. exf7 Rxg5 29. e6 Re5 30.
Rfe1 Rxe1+ 31. Rxe1 Kd6 32. f4 Ke7 33. f5 Nd4 34. Rf1 b5 35. Rf2 b4 36. g4 a5
37. g5 a4 38. g6 Kf6 39. e7 Kxe7 40. f6+ Ke6 41. g7 1-0

[Event "23e tournoi de Noël"]
[Site "Montigny le Bretonneux"]
[Date "2024.12.28"]
[Round "3.4"]
[White "Imbert, Christophe"]
[Black "Artieres, Michel"]
[Result "1/2-1/2"]
[WhiteElo "1902"]
[BlackElo "1807"]
[Annotator "Rivier,Sylvain"]
[PlyCount "82"]
[EventDate "2024.??.??"]
[WhiteTeam "Club d'Echecs du Vesinet"]
[BlackTeam "La Dame Noire"]

{Défense sicilienne, système fermé} 1. e4 c5 2. Nc3 e6 3. g3 d5 4. Bg2 d4 5.
Nce2 d3 6. Nf4 dxc2 7. Qxc2 Nc6 8. Nge2 Nb4 9. Qc3 Nf6 10. a3 Nc6 11. d3 e5 12.
Nd5 Nxd5 13. exd5 Nd4 14. Be3 Bd6 15. Bxd4 cxd4 16. Qd2 O-O 17. O-O b6 18. f4
f6 19. fxe5 fxe5 20. b4 Bb7 21. Qa2 Qg5 22. Be4 Rac8 23. Kg2 Ba6 24. Ng1 Rxf1
25. Rxf1 Rc1 26. Nf3 Qe3 27. Rxc1 Qxc1 28. Qf2 Bc8 29. h4 Qe3 30. Bxh7+ Kxh7
31. Ng5+ Kg6 32. Qf7+ Kh6 33. Ne6 Bxe6 34. Qxe6+ g6 35. Qxd6 Qe2+ 36. Kh3 Kh5
37. Qd7 Qf1+ 38. Kh2 Qf2+ 39. Kh3 Qf1+ 40. Kh2 Qf2+ 41. Kh1 Qf1+ 1/2-1/2

[Event "23e tournoi de Noël"]
[Site "Montigny le Bretonneux"]
[Date "2024.12.28"]
[Round "3.5"]
[White "Fasquelle, Cedric"]
[Black "Greuthier, Alois"]
[Result "0-1"]
[WhiteElo "1739"]
[BlackElo "1875"]
[Annotator "Rivier,Sylvain"]
[PlyCount "60"]
[EventDate "2024.??.??"]
[WhiteTeam "Saint-Quentin en Yvelines"]
[BlackTeam "L'Echiquier Royal de Châtenoy le Royal"]

{Défense sicilienne, variante Najdorf} 1. e4 c5 2. Nf3 d6 3. d4 cxd4 4. Nxd4
Nf6 5. Nc3 a6 6. Be3 e5 7. Nb3 Be6 8. f3 Be7 9. Nd5 Nxd5 10. exd5 Bf5 11. Qd2
h5 12. O-O-O Nd7 13. Bd3 Bxd3 14. Qxd3 Bg5 15. f4 exf4 16. Bd2 Ne5 17. Qe4 O-O
18. h4 Bh6 19. Nd4 g6 20. Bxf4 Bxf4+ 21. Qxf4 Rc8 22. g4 Nxg4 23. Rdg1 Qd7 24.
Rg3 Rc5 25. Rhg1 Rxd5 26. Rxg4 hxg4 27. Rxg4 Qe7 28. Kd2 Re8 29. c4 Qe2+ 30.
Kc1 Qxc4+ 0-1

[Event "23e tournoi de Noël"]
[Site "Montigny le Bretonneux"]
[Date "2024.12.28"]
[Round "3.6"]
[White "Conq, Alain"]
[Black "Sanchez-Narboni, Quentin"]
[Result "1/2-1/2"]
[WhiteElo "1831"]
[BlackElo "1841"]
[Annotator "Rivier,Sylvain"]
[PlyCount "54"]
[EventDate "2024.??.??"]
[WhiteTeam "Echiquier Scéen - Sceaux"]
[BlackTeam "GIF-CC2-Echecs"]

{Défense hollandaise} 1. d4 e6 2. c4 f5 3. Nc3 Nf6 4. Nf3 Bb4 5. a3 Bxc3+ 6.
bxc3 d6 7. Rb1 O-O 8. g3 Qe8 9. Bg2 a5 10. O-O Ne4 11. Qc2 Qh5 12. Nh4 g5 13.
Bf3 Qf7 14. Ng2 d5 15. Bxe4 fxe4 16. Bxg5 Qh5 17. Bf4 c6 18. Be5 Nd7 19. Nf4
Qh6 20. Bd6 Rf7 21. cxd5 exd5 22. Bc5 Nxc5 23. dxc5 Rxf4 24. gxf4 Bh3 25. Kh1
Bxf1 26. Rxf1 Qxf4 27. Rg1+ Kf7 1/2-1/2

[Event "23e tournoi de Noël"]
[Site "Montigny le Bretonneux"]
[Date "2024.12.28"]
[Round "3.7"]
[White "Wuthrich, Guillaume"]
[Black "Fayolle, Guy"]
[Result "1-0"]
[WhiteElo "1959"]
[BlackElo "1696"]
[Annotator "Rivier,Sylvain"]
[PlyCount "55"]
[EventDate "2024.??.??"]
[WhiteTeam "Le Cavalier de La Reine Bourg-La-Reine"]
[BlackTeam "Saint-Quentin en Yvelines"]

{Partie espagnole, défense berlinoise} 1. e4 e5 2. Nf3 Nc6 3. Bb5 Nf6 4. d3 d6
5. O-O Be7 6. Nbd2 O-O 7. c3 Bg4 8. h3 Bd7 9. d4 exd4 10. cxd4 Qe8 11. Bd3 h6
12. Re1 Nh7 13. b3 Ng5 14. Bb2 Nxf3+ 15. Nxf3 Qb8 16. Rc1 Bf6 17. Bb1 g6 18.
Qd3 Ne7 19. Qd2 Kh7 20. Ba3 Qd8 21. e5 dxe5 22. dxe5 Bg7 23. Bxe7 Qxe7 24. Rxc7
Rad8 25. Rd1 Bxe5 26. Nxe5 Qxe5 27. Rxd7 Rxd7 28. Qxd7 1-0

[Event "23e tournoi de Noël"]
[Site "Montigny le Bretonneux"]
[Date "2024.12.28"]
[Round "3.8"]
[White "Kunne, Ronald"]
[Black "Neveu, Raphael"]
[Result "0-1"]
[WhiteElo "1803"]
[BlackElo "1640"]
[Annotator "Rivier,Sylvain"]
[PlyCount "72"]
[EventDate "2024.??.??"]
[WhiteTeam "Club d'Echecs d'Orsay"]
[BlackTeam "La Dame Noire"]

{Défense des deux cavaliers} 1. e4 e5 2. Nf3 Nc6 3. Bc4 Nf6 4. d4 exd4 5. e5
d5 6. Bb5 Ne4 7. Nxd4 Bc5 8. Be3 Bd7 9. Nxc6 Bxc6 10. Bxc6+ bxc6 11. Bxc5 Nxc5
12. Qg4 O-O 13. O-O Rb8 14. b3 Qd7 15. Qxd7 Nxd7 16. f4 Nc5 17. Nd2 Rfd8 18.
Rad1 Kf8 19. Nf3 Ne4 20. Nd4 Rb6 21. a4 a5 22. Rfe1 g6 23. g4 c5 24. Nf3 Ke7
25. Rd3 c6 26. Nd2 Nxd2 27. Rxd2 Rb4 28. Rf1 c4 29. Rf3 cxb3 30. cxb3 c5 31.
Rfd3 d4 32. Rc2 Rc8 33. Kf2 Ke6 34. Rh3 c4 35. Rxh7 cxb3 36. Rxc8 b2 0-1

[Event "23e tournoi de Noël"]
[Site "Montigny le Bretonneux"]
[Date "2024.12.28"]
[Round "3.9"]
[White "Corbillet, Mathieu"]
[Black "Weens, William"]
[Result "1-0"]
[WhiteElo "1631"]
[BlackElo "1782"]
[Annotator "Rivier,Sylvain"]
[PlyCount "63"]
[EventDate "2024.??.??"]
[WhiteTeam "La Dame Noire"]
[BlackTeam "ECHECS 78"]

{Défense sicilienne, attaque Richter-Rauser} 1. e4 c5 2. Nf3 d6 3. Bc4 Nf6 4.
Nc3 Nc6 5. d4 cxd4 6. Nxd4 e6 7. Bg5 Be7 8. Bxf6 Bxf6 9. Nce2 Qb6 10. Bb5 O-O
11. Bxc6 bxc6 12. Rb1 Ba6 13. c3 d5 14. exd5 exd5 15. O-O c5 16. Nf3 d4 17.
cxd4 cxd4 18. Re1 d3 19. Nf4 Rad8 20. Qd2 g6 21. Red1 Bg7 22. g3 Bh6 23. Ne5
Rfe8 24. Ng4 Bg5 25. h4 Re2 26. Qc3 Rc2 27. Qe5 f6 28. Qe6+ Qxe6 29. Nxe6 f5
30. hxg5 Rd6 31. Nh6+ Kh8 32. Nf7+ 1-0

[Event "23e tournoi de Noël"]
[Site "Montigny le Bretonneux"]
[Date "2024.12.28"]
[Round "3.10"]
[White "Martin, Gabriel"]
[Black "Barthere, Gilles"]
[Result "1-0"]
[WhiteElo "1753"]
[BlackElo "1630"]
[Annotator "Rivier,Sylvain"]
[PlyCount "59"]
[EventDate "2024.??.??"]
[WhiteTeam "Club d'Echecs d'Orsay"]
[BlackTeam "CE Le Roi Soleil - Le Chesnay - Versailles"]

{Défense Nimzo-indienne} 1. d4 Nf6 2. c4 e6 3. Nc3 Bb4 4. e3 c5 5. Bd2 Nc6 6.
a3 Ba5 7. dxc5 a6 8. Nf3 Bc7 9. Bd3 Ne5 10. Nxe5 Bxe5 11. Qf3 Rb8 12. O-O b6
13. cxb6 Qxb6 14. b4 Bb7 15. Qh3 O-O 16. Rfd1 g6 17. Rac1 d5 18. c5 Qc6 19. Be2
d4 20. exd4 Bxd4 21. Bf3 Qc7 22. Bxb7 Qxb7 23. Qh4 Rfd8 24. Bg5 Bxc3 25. Bxf6
Bxf6 26. Qxf6 Rd5 27. g3 Qc7 28. Rxd5 exd5 29. Qxa6 Qd8 30. c6 1-0

[Event "23e tournoi de Noël"]
[Site "Montigny le Bretonneux"]
[Date "2024.12.28"]
[Round "3.11"]
[White "Appavou, Calixte"]
[Black "Foveau, Guillaume"]
[Result "1-0"]
[WhiteElo "1734"]
[BlackElo "1588"]
[Annotator "Rivier,Sylvain"]
[PlyCount "101"]
[EventDate "2024.??.??"]
[WhiteTeam "Saint-Quentin en Yvelines"]
[BlackTeam "La Dame Noire"]

{Défense française, variante Rubinstein} 1. e4 e6 2. d4 d5 3. Nd2 dxe4 4.
Nxe4 Nd7 5. Nf3 Ngf6 6. Nxf6+ Nxf6 7. Bd3 c5 8. dxc5 Bxc5 9. O-O O-O 10. Bg5
Be7 11. Qe2 h6 12. Bh4 Nd5 13. Bg3 b6 14. Rad1 Qe8 15. Bb5 Bd7 16. Bxd7 Qxd7
17. c4 Rfe8 18. cxd5 exd5 19. Qd3 Rad8 20. Rfe1 Bb4 21. Rxe8+ Rxe8 22. a3 Bf8
23. Qxd5 Qxd5 24. Rxd5 Re2 25. Rd2 Rxd2 26. Nxd2 g6 27. Bb8 a6 28. a4 b5 29.
axb5 axb5 30. Kf1 Bg7 31. b3 Kf8 32. Ke2 Ke7 33. Kd3 Ke6 34. Ba7 Kd5 35. Nf1
Be5 36. h3 Kc6 37. Ke4 Bf6 38. g4 Kb7 39. Bd4 Bxd4 40. Kxd4 Kc6 41. b4 Kd6 42.
f4 f6 43. Ng3 Kc6 44. h4 g5 45. hxg5 hxg5 46. fxg5 fxg5 47. Ne4 Kd7 48. Nxg5
Ke7 49. Ke5 Kd7 50. Ne4 Ke7 51. Nc3 1-0

[Event "23e tournoi de Noël"]
[Site "Montigny le Bretonneux"]
[Date "2024.12.28"]
[Round "3.12"]
[White "Arutyunov, Mikael"]
[Black "Nicol, Christian"]
[Result "1-0"]
[WhiteElo "1730"]
[BlackElo "1579"]
[Annotator "Rivier,Sylvain"]
[PlyCount "121"]
[EventDate "2024.??.??"]
[WhiteTeam "Tours et Detours Club d'Echecs Centre Brie"]
[BlackTeam "Saint-Quentin en Yvelines"]

{Partie du pion dame} 1. d4 e6 2. Nf3 d5 3. e3 c5 4. b3 Nf6 5. Bd3 Bd6 6. O-O
O-O 7. Bb2 Qc7 8. dxc5 Bxc5 9. Bxf6 gxf6 10. Nh4 f5 11. Nc3 Qe5 12. Na4 Bd6 13.
Nf3 Qg7 14. Be2 Nd7 15. c4 Nf6 16. Nc3 a6 17. cxd5 e5 18. Qc2 Qh6 19. h3 Kh8
20. Nh2 Rg8 21. Kh1 e4 22. f4 Bd7 23. Qd2 Bb4 24. a3 Bxc3 25. Qxc3 Rg7 26. Rad1
Rc8 27. Qb4 Nh5 28. Bxh5 Qxh5 29. Qxb7 Qe2 30. Rg1 Rc2 31. Qb8+ Rc8 32. Qe5
Qxe3 33. Rb1 h5 34. Qd6 f6 35. Qxf6 Qxf4 36. Rbf1 Qe3 37. Qxa6 Qxb3 38. Qh6+
Kg8 39. Qxh5 Qxd5 40. Rd1 Qe6 41. Nf1 Ra8 42. Ra1 Qe5 43. Ne3 Qc5 44. Ng4 Rh7
45. Nf6+ Kg7 46. Qxh7+ Kxf6 47. Qxd7 Ra7 48. Qd2 Re7 49. Rad1 e3 50. Qd6+ Qxd6
51. Rxd6+ Ke5 52. Rdd1 Ra7 53. Rge1 f4 54. Rd3 Ra4 55. g3 Ke4 56. Rb3 Kf3 57.
gxf4 Rxf4 58. Rf1+ Ke4 59. Rxf4+ Kxf4 60. Rxe3 Kxe3 61. a4 1-0

[Event "23e tournoi de Noël"]
[Site "Montigny le Bretonneux"]
[Date "2024.12.28"]
[Round "3.13"]
[White "Sondermeijer, Antoine"]
[Black "Couradin, Bruno"]
[Result "1-0"]
[WhiteElo "1719"]
[BlackElo "1577"]
[Annotator "Rivier,Sylvain"]
[PlyCount "61"]
[EventDate "2024.??.??"]
[WhiteTeam "Club d'Echecs de Guyancourt"]
[BlackTeam "La Dame Noire"]

{Ouverture anglaise, variante sicilienne inversée} 1. c4 e5 2. Nc3 Nf6 3. g3
Bc5 4. e3 Nc6 5. Bg2 d6 6. Nge2 Be6 7. d4 exd4 8. exd4 Bb4 9. d5 Bd7 10. dxc6
Bxc6 11. O-O Bxg2 12. Kxg2 O-O 13. Bg5 h6 14. Bxf6 gxf6 15. Nd5 Bc5 16. Nef4 c6
17. Qg4+ Kh8 18. Qh4 Kg7 19. Nc3 Qd7 20. Ne4 Bd4 21. Rad1 Be5 22. Nc5 Qe7 23.
Ncd3 Bd4 24. Rfe1 Qd7 25. Re2 Bb6 26. c5 dxc5 27. Nxc5 Qc7 28. Rd7 Rac8 29.
Nce6+ Kg8 30. Qg4+ Kh8 31. Qg7# 1-0

[Event "23e tournoi de Noël"]
[Site "Montigny le Bretonneux"]
[Date "2024.12.28"]
[Round "3.14"]
[White "Ndika, Anthony"]
[Black "Couradin, Jean-Marie"]
[Result "0-1"]
[WhiteElo "1538"]
[BlackElo "1703"]
[Annotator "Rivier,Sylvain"]
[PlyCount "88"]
[EventDate "2024.??.??"]
[WhiteTeam "L'Hay les Roses Echecs et Mat"]
[BlackTeam "La Dame Noire"]

{Ouverture anglaise, défense anglo-Grunfeld} 1. d4 g6 2. c4 Bg7 3. Nc3 d6 4.
g3 Nf6 5. Bg2 c6 6. e3 O-O 7. Nge2 Na6 8. O-O Bd7 9. h3 Nc7 10. Qb3 Rb8 11. Bd2
Qc8 12. Kh2 h5 13. e4 e5 14. d5 Kh7 15. Qa3 Nfe8 16. Qxa7 c5 17. Qa3 f5 18. f4
b5 19. cxb5 Nxb5 20. Nxb5 Rxb5 21. Nc3 Rb4 22. fxe5 Bxe5 23. Bf4 Bd4 24. exf5
Bxf5 25. Rad1 Qb8 26. Bc1 Nc7 27. Rde1 Rf7 28. g4 hxg4 29. hxg4 Be5+ 30. Kh1
Rxg4 31. Ne4 Rh4+ 32. Kg1 Bh2+ 33. Kf2 Bxe4+ 34. Ke2 Qb5+ 35. Kd1 Rxf1 36. Rxf1
Kg7 37. Bg5 Rg4 38. Bf6+ Kg8 39. Qh3 Qd3+ 40. Qxd3 Bxd3 41. Bh3 Bxf1 42. Bxg4
Bc4 43. Be6+ Nxe6 44. dxe6 Bxe6 0-1

[Event "23e tournoi de Noël"]
[Site "Montigny le Bretonneux"]
[Date "2024.12.28"]
[Round "3.15"]
[White "Salagnac, Sowan"]
[Black "Meddour, Ithri"]
[Result "0-1"]
[WhiteElo "1702"]
[BlackElo "1483"]
[Annotator "Rivier,Sylvain"]
[PlyCount "58"]
[EventDate "2024.??.??"]
[WhiteTeam "Saint-Quentin en Yvelines"]
[BlackTeam "Saint-Quentin en Yvelines"]

{Défense Pirc, variante classique} 1. e4 g6 2. d4 Bg7 3. Nf3 d6 4. Nc3 Nf6 5.
Bc4 Nc6 6. O-O Nxe4 7. Bxf7+ Kxf7 8. Nxe4 h6 9. d5 Nb8 10. Nd4 c5 11. Qf3+ Kg8
12. Ne2 Kh7 13. h4 Rf8 14. Qd3 Bf5 15. N2g3 Nd7 16. Nxf5 Rxf5 17. g4 Ne5 18.
Qg3 Rf3 19. Qg2 Qd7 20. g5 h5 21. Nd2 Rf4 22. Qh1 Qg4+ 23. Qg2 Qxg2+ 24. Kxg2
Rxh4 25. Rg1 Rd4 26. Re1 Re8 27. Nf3 Nxf3 28. Kxf3 Rxd5 29. Ke4 Re5+ 0-1

[Event "23e tournoi de Noël"]
[Site "Montigny le Bretonneux"]
[Date "2024.12.28"]
[Round "3.16"]
[White "Charlet, Tristan"]
[Black "Benkaci, Massin"]
[Result "1-0"]
[WhiteElo "1399"]
[BlackElo "1655"]
[Annotator "Rivier,Sylvain"]
[PlyCount "45"]
[EventDate "2024.??.??"]
[WhiteTeam "Club d'Echecs d'Orsay"]
[BlackTeam "Club du Canal St-Martin Paris"]

{Défense sicilienne, attaque yougoslave} 1. e4 c5 2. Nf3 Nc6 3. d4 cxd4 4.
Nxd4 d6 5. Nc3 Nf6 6. f3 g6 7. Be3 Bg7 8. Qd2 O-O 9. Bc4 a6 10. h4 Nxd4 11.
Bxd4 b5 12. Bb3 Bb7 13. h5 Nxh5 14. Bxg7 Nxg7 15. Qh6 Nh5 16. g4 Nf6 17. O-O-O
Qb6 18. g5 Nh5 19. Rxh5 gxh5 20. g6 hxg6 21. Qxg6+ Kh8 22. Qxh5+ Kg7 23. Qg5+
1-0

[Event "23e tournoi de Noël"]
[Site "Montigny le Bretonneux"]
[Date "2024.12.28"]
[Round "3.17"]
[White "Imbert, Nicolas"]
[Black "Nguyen, Hai Nam"]
[Result "1-0"]
[WhiteElo "1640"]
[BlackElo "1299"]
[Annotator "Rivier,Sylvain"]
[PlyCount "101"]
[EventDate "2024.??.??"]
[WhiteTeam "Saint-Quentin en Yvelines"]
[BlackTeam "Club d'Echecs de Guyancourt"]

{Partie du pion dame, variante Tartacover} 1. d4 Nf6 2. Nf3 g6 3. Bg5 Bg7 4.
Nbd2 d5 5. c3 O-O 6. e3 h6 7. Bf4 Bg4 8. h3 Bxf3 9. Nxf3 Ne4 10. Bd3 Nd7 11.
Nd2 Nef6 12. O-O e5 13. Bxe5 Nxe5 14. dxe5 Nd7 15. f4 Re8 16. Nf3 f5 17. Qb3
Nc5 18. Qc2 c6 19. b4 Nxd3 20. Qxd3 a5 21. a3 Bf8 22. g4 Qd7 23. gxf5 Qxf5 24.
Qxf5 gxf5 25. Nd4 axb4 26. axb4 c5 27. bxc5 Bxc5 28. Kf2 Bxd4 29. cxd4 b5 30.
Rab1 Ra2+ 31. Kf3 Rb8 32. Rf2 Ra3 33. Rc2 Ra5 34. Rc5 h5 35. Rxd5 h4 36. Rc5
Ra2 37. Rcxb5 Re8 38. R5b2 Rxb2 39. Rxb2 Re6 40. d5 Rg6 41. Rg2 Rxg2 42. Kxg2
Kf7 43. Kf3 Ke7 44. e4 fxe4+ 45. Kxe4 Kd7 46. f5 Ke7 47. f6+ Ke8 48. e6 Kf8 49.
d6 Ke8 50. f7+ Kf8 51. d7 1-0

[Event "23e tournoi de Noël"]
[Site "Montigny le Bretonneux"]
[Date "2024.12.28"]
[Round "3.18"]
[White "Moulun, Raphael"]
[Black "Salhi, Clement"]
[Result "0-1"]
[WhiteElo "1597"]
[BlackElo "1299"]
[Annotator "Rivier,Sylvain"]
[PlyCount "70"]
[EventDate "2024.??.??"]
[WhiteTeam "La Dame Noire"]
[BlackTeam "Club du Canal St-Martin Paris"]

{Ouverture Bird} 1. f4 d5 2. c4 d4 3. Nf3 Nf6 4. g3 Nc6 5. Bg2 e5 6. fxe5 Ng4
7. d3 Bb4+ 8. Bd2 Ne3 9. Qb3 Bxd2+ 10. Nbxd2 Nxg2+ 11. Kf2 Ne3 12. h3 a5 13. a4
Qe7 14. Nxd4 Nxd4 15. Qc3 Ndf5 16. Nf3 Qc5 17. d4 Qxc4 18. g4 Qxc3 19. bxc3 Nd5
20. e4 Nxc3 21. exf5 h5 22. Rhg1 Bd7 23. Rac1 Nd5 24. Rce1 O-O-O 25. Ng5 Rdf8
26. Nxf7 Rxf7 27. e6 Bxe6 28. Rxe6 hxg4 29. hxg4 Rh2+ 30. Kg3 Rd2 31. Kh4 Rxd4
32. Kg5 Re7 33. Rxe7 Nxe7 34. Re1 Kd7 35. f6 Rd5+ 0-1

[Event "23e tournoi de Noël"]
[Site "Montigny le Bretonneux"]
[Date "2024.12.28"]
[Round "3.19"]
[White "Longbien, Dominique"]
[Black "Chakour, Samir"]
[Result "1-0"]
[WhiteElo "1682"]
[BlackElo "1461"]
[Annotator "Rivier,Sylvain"]
[PlyCount "75"]
[EventDate "2024.??.??"]
[WhiteTeam "La Dame Noire"]
[BlackTeam "Saint-Quentin en Yvelines"]

{Défense sicilienne, variante Alapine} 1. e4 e6 2. d4 d5 3. exd5 exd5 4. Bd3
Nf6 5. Nf3 c5 6. c3 Nc6 7. O-O Qb6 8. Re1+ Be7 9. dxc5 Qxc5 10. Be3 Qd6 11. Na3
a6 12. Nc2 h6 13. Ncd4 g6 14. Qd2 Ng4 15. Bf4 Qd8 16. h3 Nf6 17. Ne5 Bd7 18.
Ndxc6 bxc6 19. Bxh6 Rg8 20. Bg5 Be6 21. Nxg6 Ra7 22. Ne5 Qd6 23. Bxf6 Bxf6 24.
Ng4 Bg5 25. Qc2 Kd8 26. Qa4 a5 27. Re2 Bd7 28. Ne5 Rg7 29. Nxd7 Qxd7 30. Rae1
Bf6 31. Qf4 Rg8 32. Qb8+ Qc8 33. Qxa7 Qxh3 34. Qb8+ Kd7 35. Qxg8 Qh5 36. Qe8+
Kd6 37. Re6+ fxe6 38. Qxh5 1-0

[Event "23e tournoi de Noël"]
[Site "Montigny le Bretonneux"]
[Date "2024.12.28"]
[Round "3.20"]
[White "Pages, Clement"]
[Black "Nguyen, Bui Nhat Duy"]
[Result "0-1"]
[WhiteElo "1538"]
[BlackElo "1401"]
[Annotator "Rivier,Sylvain"]
[PlyCount "34"]
[EventDate "2024.??.??"]
[WhiteTeam "L'Hay les Roses Echecs et Mat"]
[BlackTeam "Club d'Echecs d'Orsay"]

{Défense française, variante d'échange} 1. e4 e6 2. d4 d5 3. exd5 exd5 4.
Nf3 Bd6 5. Bg5 f6 6. Bd2 Ne7 7. c4 c6 8. cxd5 cxd5 9. Bb5+ Nbc6 10. O-O O-O 11.
Nc3 Bg4 12. h3 Bxf3 13. Qxf3 Nxd4 14. Qd3 Nxb5 15. Qxb5 d4 16. Qc4+ Kh8 17.
Qxd4 Bh2+ 0-1

[Event "23e tournoi de Noël"]
[Site "Montigny le Bretonneux"]
[Date "2024.12.28"]
[Round "3.21"]
[White "Bouloc, Roger"]
[Black "Carbonero, Jean Marc"]
[Result "1-0"]
[WhiteElo "1491"]
[BlackElo "1399"]
[Annotator "Rivier,Sylvain"]
[PlyCount "65"]
[EventDate "2024.??.??"]
[WhiteTeam "La Dame Noire"]
[BlackTeam "La Dame Noire"]

{Partie espagnole, déviation au 4e coup} 1. e4 e5 2. Nf3 Nc6 3. Bb5 a6 4. Ba4
b5 5. Bb3 Bc5 6. c3 h6 7. d4 exd4 8. cxd4 Be7 9. O-O Bb7 10. Re1 Na5 11. Nbd2
Nxb3 12. Nxb3 a5 13. Bd2 a4 14. Nc5 Bxc5 15. dxc5 Nf6 16. Qc2 O-O 17. Bb4 Re8
18. Nd2 Ng4 19. f3 Ne5 20. a3 Nc6 21. Qd3 Nxb4 22. axb4 c6 23. e5 Re6 24. f4
Rg6 25. Nf3 Bc8 26. f5 Rg4 27. e6 Rxb4 28. exf7+ Kxf7 29. Qd6 Ra7 30. Ne5+ Kg8
31. Nxc6 Qc7 32. Re8+ Kf7 33. Qe7# 1-0

[Event "23e tournoi de Noël"]
[Site "Montigny le Bretonneux"]
[Date "2024.12.28"]
[Round "3.22"]
[White "Garabedian, Christophe"]
[Black "Leblanc, Didier"]
[Result "1-0"]
[WhiteElo "1476"]
[BlackElo "1399"]
[Annotator "Rivier,Sylvain"]
[PlyCount "49"]
[EventDate "2024.??.??"]
[WhiteTeam "La Dame Noire"]
[BlackTeam "Saint-Quentin en Yvelines"]

{Partie du pion dame} 1. d4 d5 2. Bf4 Nf6 3. Nc3 e6 4. Nb5 Bb4+ 5. c3 Ba5 6. a4
O-O 7. b4 Bb6 8. a5 Bxd4 9. cxd4 Nc6 10. Nxc7 Rb8 11. Nb5 e5 12. dxe5 a6 13.
exf6 Ra8 14. Nd6 Be6 15. fxg7 Kxg7 16. Nxb7 Qh4 17. Bg3 Qxb4+ 18. Qd2 Qxb7 19.
e3 Rfd8 20. Bd3 d4 21. e4 Ne5 22. Qg5+ Ng6 23. Be5+ Kg8 24. Qf6 Re8 25. Qg7#
1-0

[Event "23e tournoi de Noël"]
[Site "Montigny le Bretonneux"]
[Date "2024.12.28"]
[Round "4.1"]
[White "Greuthier, Alois"]
[Black "Ben Khelifa, Noomene"]
[Result "1/2-1/2"]
[WhiteElo "1875"]
[BlackElo "2049"]
[Annotator "Rivier,Sylvain"]
[PlyCount "135"]
[EventDate "2024.??.??"]
[WhiteTeam "L'Echiquier Royal de Châtenoy le Royal"]
[BlackTeam "Cavalier Bleu Drancy"]

{Gambit dame accepté()} 1. d4 Nf6 2. Nf3 e6 3. c4 d5 4. Nc3 dxc4 5. e4 b5 6.
e5 Nd5 7. Nxb5 Nb6 8. Be2 Nc6 9. Be3 Ba6 10. Nc3 Be7 11. O-O O-O 12. Qc1 Bb7
13. Rd1 Nb4 14. Nd2 Ba6 15. a3 Nc6 16. Nde4 Nd5 17. Nxd5 exd5 18. Ng3 Na5 19.
Qc3 Nb3 20. Rab1 Bc8 21. Rf1 Bh4 22. f4 g6 23. Nh1 c5 24. Rbd1 cxd4 25. Bxd4
Nxd4 26. Qxd4 Bb7 27. Ng3 Be7 28. Kh1 Qc7 29. f5 Bc5 30. Qf4 Rfe8 31. fxg6 fxg6
32. Ne4 dxe4 33. Bxc4+ Kh8 34. Qf6+ Qg7 35. Qxg7+ Kxg7 36. Rf7+ Kh6 37. Rxb7
Rxe5 38. Rdd7 Rh8 39. b4 Bb6 40. Re7 Rxe7 41. Rxe7 Rd8 42. g3 e3 43. Re4 Rd1+
44. Kg2 Ra1 45. Be2 Rxa3 46. b5 Ra2 47. Kf3 Rd2 48. h3 Rd6 49. h4 g5 50. hxg5+
Kxg5 51. Rg4+ Kf6 52. Rf4+ Ke6 53. Re4+ Kf6 54. Rf4+ Ke7 55. Re4+ Kd7 56. Rf4
Ke7 57. Re4+ Kd7 58. Rf4 h6 59. Rf7+ Ke6 60. Rf4 Ke7 61. Re4+ Re6 62. Rxe6+
Kxe6 63. Bf1 Kf5 64. g4+ Ke5 65. Bc4 Kd4 66. Be2 Kc3 67. Bf1 Kd2 68. Bc4
1/2-1/2